ASAS PENTING ROI : (Record no. 4647)

000 -LEADER
fixed length control field nam a22 a 4500
003 - CONTROL NUMBER IDENTIFIER
control field AKMAL
005 - DATE AND TIME OF LATEST TRANSACTION
control field 20170726124322.0
008 - FIXED-LENGTH DATA ELEMENTS--GENERAL INFORMATION
fixed length control field 170726t20142012my e 000 0 may d
020 ## - INTERNATIONAL STANDARD BOOK NUMBER
International Standard Book Number 9789674304287
Qualifying information paperback
Terms of availability RM35.00
040 ## - CATALOGING SOURCE
Original cataloging agency BNM
082 04 - DEWEY DECIMAL CLASSIFICATION NUMBER
Classification number 658.312404 PHI
Edition number 23
090 00 - LOCALLY ASSIGNED LC-TYPE CALL NUMBER (OCLC); LOCAL CALL NUMBER (RLIN)
Classification number (OCLC) (R) ; Classification number, CALL (RLIN) (NR) 658.312404
Local cutter number (OCLC) ; Book number/undivided call number, CALL (RLIN) PHI
100 1# - MAIN ENTRY--PERSONAL NAME
Personal name Phillips, Patricia Pulliam,
Relator term author.
9 (RLIN) 8942
240 14 - UNIFORM TITLE
Uniform title The Bottomline on ROI: Benefits and Barriers to Measuring Learning, Performance Improvement and Human Resource Programs.
Language of a work Malay
245 10 - TITLE STATEMENT
Title ASAS PENTING ROI :
Remainder of title Manfaat dan Halangan untuk Mengukur Program Pembelajaran, Penambahbaikan Prestasi dan Sumber Manusia /
Statement of responsibility, etc. Patricia Pulliam Phillips ; Penterjemah Amir Muslim
250 ## - EDITION STATEMENT
Edition statement Edisi Kedua
264 #1 - PRODUCTION, PUBLICATION, DISTRIBUTION, MANUFACTURE, AND COPYRIGHT NOTICE
Place of production, publication, distribution, manufacture Kuala Lumpur :
Name of producer, publisher, distributor, manufacturer Institut Terjemahan & Buku Malaysia,
Date of production, publication, distribution, manufacture, or copyright notice 2014
264 #4 - PRODUCTION, PUBLICATION, DISTRIBUTION, MANUFACTURE, AND COPYRIGHT NOTICE
Date of production, publication, distribution, manufacture, or copyright notice ©2012
300 ## - PHYSICAL DESCRIPTION
Extent xxviii, 114 pages ;
Dimensions 23 cm
504 ## - BIBLIOGRAPHY, ETC. NOTE
Bibliography, etc. note Bibliography: pages 103-104
650 10 - SUBJECT ADDED ENTRY--TOPICAL TERM
Topical term or geographic name entry element Employees
General subdivision Trainning
-- Cost effectiveness
9 (RLIN) 8943
650 20 - SUBJECT ADDED ENTRY--TOPICAL TERM
Topical term or geographic name entry element Rate of return
9 (RLIN) 8944
700 0# - ADDED ENTRY--PERSONAL NAME
Relationship information Translation of:
Personal name Phillips, Patricia Pulliam.
Title of a work The Bottomline on ROI: Benefits and Barriers to Measuring Learning, Performance Improvement and Human Resource Programs
9 (RLIN) 8945
700 0# - ADDED ENTRY--PERSONAL NAME
Personal name Amir Muslim,
Relator term translator.
9 (RLIN) 8946
765 0# - ORIGINAL LANGUAGE ENTRY
Main entry heading Phillips, Patricia Pulliam.
Title The Bottomline on ROI: Benefits and Barriers to Measuring Learning, Performance Improvement and Human Resource Programs
Place, publisher, and date of publication King of Prussia, PA: HRDQ, 2002
942 ## - ADDED ENTRY ELEMENTS (KOHA)
Source of classification or shelving scheme
Koha item type Book
950 ## - LOCAL HOLDINGS (RLIN)
Permanent shelving location, LOC (RLIN) AKMAL
Holdings
Withdrawn status Lost status Source of classification or shelving scheme Damaged status Not for loan Collection code Home library Current library Shelving location Date acquired Inventory number Total Checkouts Total Renewals Full call number Barcode Date last seen Date last checked out Price effective from Koha item type
          NON-FICTION AKMAL Melaka AKMAL Melaka PINJAMAN 26.07.2017 602753 3 1 658.312404 PHI 201707497 14.12.2018 19.11.2018 26.07.2017 Book
          NON-FICTION AKMAL Melaka AKMAL Melaka PINJAMAN 26.07.2017 602754     658.312404 PHI 201707496 26.07.2017   26.07.2017 Book
Pusat Sumber Maklumat Dato' Haji Sarmin Md Hussin, Akademi Kastam Diraja Malaysia, Melaka
Tel: 06-2331106 | Faks: 06-2313787